| 000 | 00793cam a2200277 u 4500 | ||
|---|---|---|---|
| 003 | MX-MxUPN | ||
| 005 | 20240513140008.0 | ||
| 008 | 191015s2006 sp a ar 000 j spa d | ||
| 020 | _a846675198X | ||
| 035 | _aUPN01000233409 | ||
| 040 |
_aMX-MxUPN _bspa |
||
| 041 | 1 |
_aspa _hita |
|
| 050 | 4 |
_aPZ44.9 _bN38 2006 |
|
| 100 | 1 |
_951919 _aNava, Emanuela |
|
| 100 | 1 |
_951920 _aRe, Giulia |
|
| 245 | 1 | 0 | _aGotas y goterones |
| 260 |
_aMadrid : _bAnaya, _c2006 |
||
| 300 |
_a[22] páginas : _bilustraciones a color |
||
| 490 | 0 | _aMi primera sopa | |
| 500 | _aTítulo original: Spruzzi e bolle. | ||
| 650 | 4 |
_97373 _aCuentos infantiles italianos |
|
| 650 | 4 |
_919753 _aHigiene _vLiteratura infantil |
|
| 902 | _bVíctorGodínez/130524 | ||
| 942 |
_2lcc _cLIBRO |
||
| 999 |
_c205504 _d205504 |
||